000 00542nam a22001817a 4500
005 20170818162838.0
010 _aENG-119767
020 _c350.00
_a9789351860730
035 _aEN-103299
037 _bDBAD/PUB
082 _a338.954
100 _aUpadhyay, Deendayal
245 _aThe two plans :
_cby Deendayal Upadhyay
_bpromises, performance, prospects /
260 _aNew Delhi
_bPrabhat Prakashan
_c2015
270 _bNew Delhi
_a4/19 Asaf Ali Road,
_e110002
300 _a280p. :
_c22cm(Hb)
942 _cEN
_h338.954
_mUPA
_2lcc
999 _c143356
_d143356